| 000 | 00650nam a2200205Ia 4500 | ||
|---|---|---|---|
| 001 | 20352 | ||
| 003 | GE_BSU | ||
| 008 | 181216s||||||||xx |||||||||||||| ||und|| | ||
| 040 | _cGE_BSU | ||
| 245 | _aДипломатическая служба. №1. 2017. | ||
| 245 | _bНаучно-практический журнал | ||
| 245 | _cГл. ред. Винокуров владимир иванович | ||
| 260 | _aМосква | ||
| 260 | _c2017 | ||
| 300 | _a68 стр. 28 см. | ||
| 653 | _aДипломатическая служба. №1. 2017. | ||
| 653 | _aПериодика | ||
| 653 | _aპერიოდიკა | ||
| 942 | _cCR | ||
| 999 |
_c53311 _d53311 |
||